| 000 | 00423nam a2200145 a 4500 | ||
|---|---|---|---|
| 001 | 000033546 | ||
| 005 | 20200930070334.0 | ||
| 008 | 110831s1959 dr 000 0 spa d | ||
| 040 |
_aDO-SdBNP _bspa _cBNPHU |
||
| 100 | 1 |
_aBourget, Luis Eduardo _959047 |
|
| 245 | 1 | 0 |
_aMacabon : _bestampas de SamanĂ¡ / _cLuis Eduardo Bourget. |
| 260 |
_aSanto Domingo : _bImpresora Olga, _c1959. |
||
| 300 |
_a149 p. ; _c18 cm. |
||
| 049 | _aBNPD | ||
| 999 |
_c33037 _d33037 |
||